MARC

LEADER 00000nam0a2200000 4500
001 40036
005 20231031012018.0
035 |a (RuTPU)RU\TPU\book\40967 
090 |a 40036 
100 |a 20020418d2001 m y0rusy50 ca 
101 0 |a rus 
102 |a RU 
105 |a a j 001zy 
200 1 |a Менеджмент  |e учебное пособие  |f  сост. А. М. Кленин  |f Томский политехнический университет 
210 |a Томск  |c Изд-во ТПУ  |d 2001 
215 |a 295 с.  |c ил. 
320 |a Библиогр.: с. 289-290. 
610 1 |a экономика 
610 1 |a менеджмент 
610 1 |a управление 
610 1 |a планирование 
610 1 |a маркетинг 
610 1 |a производственный менеджмент 
610 1 |a персонал 
610 1 |a финансовый менеджмент 
610 1 |a учебные пособия 
686 |a У9(2)212я73  |v LBC/SL-A  |2 rubbk 
702 1 |a Кленин  |b А. М.  |g Александр Михайлович  |4 220 
712 0 2 |a Томский политехнический университет  |2 stltpush  |3 (RuTPU)RU\TPU\col\376 
801 1 |a RU  |b 63413507  |c 20020418  |g PSBO 
801 2 |a RU  |b 63413507  |c 20120206  |g PSBO 
942 |c BK